00649nam a22002057a 450000500170000001000110001702000100002803500110003803700160004904000120006508200180007710000150009524501360011026000400024627000430028630000250032950000430035465000230039765000230042020170124105943.0 a916929 c00.00 a916929 bCen Lib/Ret aDPLbEN a309.1543bSHA aShah, A.M. aThe household dimensions of the family in india :cby A.M. Shahba field study in a Gujarat village and a review of other studies / aNew Delhi bOriental Longman c1973 bNew Delhi a3/5, asaf ali roade110001 axix, 281p.c20cm(Hb) aIncludes appendix, glossary and index  aHousehold zIndia  aDevelopment cycle